[Event "CAN-ch U12 Girls"]
[Site "Windsor"]
[Date "2015.07.08"]
[Round "4.89"]
[White "Hadcock, Faith"]
[Black "Periappuram, Moira"]
[Result "0-1"]
[WhiteElo "1045"]
[BlackElo "200"]
[PlyCount "52"]
[EventDate "2015.07.06"]
[EventType "swiss"]
[EventRounds "7"]
[EventCountry "CAN"]
[SourceTitle "EXT 2022"]
[Source "ChessBase"]
[SourceDate "2021.10.06"]
[SourceVersion "1"]
[SourceVersionDate "2021.10.06"]
[SourceQuality "1"]

1. g4 e5 2. Nf3 Nc6 3. a4 Bc5 4. e3 Nf6 5. Ra2 0-0 6. Bh3 d6 7. d3 Be6 8. Bd2 Bxa2 9. Nc3 Be6 10. Ne2 d5 11. 0-0 e4 12. dxe4 dxe4 13. Nh4 Nxg4 14. f3 Nxe3 15. Bxe3 Bxe3+ 16. Kh1 Bxh3 17. Rg1 Bxg1 18. Qxg1 g6 19. Qg3 Qd7 20. b3 exf3 21. c3 fxe2 22. b4 Rad8 23. a5 Qd1+ 24. Qg1 Qd5+ 25. Qg2 Bxg2+ 26. Kg1 e1Q# 0-1

[Event "CAN-ch U12 Girls"]
[Site "Windsor"]
[Date "2015.07.06"]
[Round "1.83"]
[White "Zhang, Jeannie"]
[Black "Hadcock, Faith"]
[Result "1-0"]
[WhiteElo "1547"]
[BlackElo "1045"]
[PlyCount "43"]
[EventDate "2015.07.06"]
[EventType "swiss"]
[EventRounds "7"]
[EventCountry "CAN"]
[SourceTitle "EXT 2022"]
[Source "ChessBase"]
[SourceDate "2021.10.06"]
[SourceVersion "1"]
[SourceVersionDate "2021.10.06"]
[SourceQuality "1"]

1. e4 a5 2. Nf3 Ra6 3. Bxa6 bxa6 4. d4 Nc6 5. Nc3 Bb7 6. Be3 d6 7. 0-0 Qd7 8. Qd2 h5 9. h3 Rh6 10. Bxh6 gxh6 11. Rfe1 Bg7 12. Rad1 Bf6 13. e5 Bg5 14. Nxg5 Qf5 15. Nge4 Qg4 16. hxg4 hxg4 17. exd6 cxd6 18. Nxd6+ Kf8 19. Nxb7 Nf6 20. Qxh6+ Ke8 21. Qxf6 Nxd4 22. Qxe7# 1-0